000 01060nmm a2200301 a 4500
001 ocm0001916664
003 TR-IsHL
005 20201028173902.0
008 180916s2017 tu tur
007 cr cn
020 _a9789752441545
035 _a1916664
_b(N$T)
050 0 4 _aPL248.Ö94
_bK8 2017
090 0 4 _aPL248.Ö94
_bK8 2017
100 1 _aÖzdemir, Ferudun
245 1 0 _aKülyutmaz Beşli: Patır kütür bir İstanbul macerası
_h[electronic resource] /
_cFerudun Özdemir ; editör M. Endülüs Özbay ; Resimleyen: Burçin Nogayoğlu Terem
250 _a1. Baskı
260 _aİstanbul :
_bAZ Kitap,
_c2017
300 _a136 p.
650 4 _aDil ve Edebiyat
650 4 _aLanguage and Literature
650 0 _aShort stories, Turkish 
650 0 _aKısa Hikayeler, Türk 
650 7 _aLITERARY COLLECTIONS / Middle Eastern
_2bisacsh
700 1 _aÖzbay, M. Endülüs
700 1 _aTerem, Burçin Nogayoğlu
856 4 0 _uhttp://search.ebscohost.com/login.aspx?direct=true&scope=site&db=e011xww&AN=1916664
999 _c17943
_d17943